000 00356nam a2200145 a 4500
005 20140412111238.0
008 091205s19uu xx 00 eng d
020 _a0-439-44530-2
050 _aER
_bG62 2002
245 _aYankee Doodle.
260 _aU.S.A :
_bScholastic,
_c2002.
300 _aunp.
440 _aSing and Read Storybook
999 _c102553
_d102553